What is friction? / (Record no. 3895)

MARC details
000 -LEADER
fixed length control field 01032cam a22003494a 4500
001 - CONTROL NUMBER
control field 3895
003 - CONTROL NUMBER IDENTIFIER
control field FISKH
005 - DATE AND TIME OF LATEST TRANSACTION
control field 20250815131200.0
008 - FIXED-LENGTH DATA ELEMENTS--GENERAL INFORMATION
fixed length control field 030826s2003 nyua b 001 0 eng
010 ## - LIBRARY OF CONGRESS CONTROL NUMBER
LC control number 2003019063
020 ## - INTERNATIONAL STANDARD BOOK NUMBER
International Standard Book Number 0516234471
020 ## - INTERNATIONAL STANDARD BOOK NUMBER
International Standard Book Number 9780516258430
040 ## - CATALOGING SOURCE
Original cataloging agency DLC
Transcribing agency DLC
Modifying agency DLC
Language of cataloging eng
042 ## - AUTHENTICATION CODE
Authentication code pcc
-- lcac
050 00 - LIBRARY OF CONGRESS CALL NUMBER
Classification number QC197
Item number .T78 2004
082 00 - DEWEY DECIMAL CLASSIFICATION NUMBER
Classification number 531/.1134
Edition number 22
100 1# - MAIN ENTRY--PERSONAL NAME
Personal name Trumbauer, Lisa,
Dates associated with a name 1963-
245 10 - TITLE STATEMENT
Title What is friction? /
Statement of responsibility, etc. by Lisa Trumbauer.
260 ## - PUBLICATION, DISTRIBUTION, ETC.
Place of publication, distribution, etc. New York :
Name of publisher, distributor, etc. Children's Press,
Date of publication, distribution, etc. 2004.
300 ## - PHYSICAL DESCRIPTION
Extent 31 pages :
Other physical details color illustrations ;
Dimensions 18 cm
440 #0 - SERIES STATEMENT/ADDED ENTRY--TITLE
Title Rookie read-about science
500 ## - GENERAL NOTE
General note Includes index.
505 ## - FORMATTED CONTENTS NOTE
Formatted contents note G<br/>
520 ## - SUMMARY, ETC.
Summary, etc. Describes what friction is and gives some examples of how it causes moving things to stop.
521 8# - TARGET AUDIENCE NOTE
Target audience note 380<br/>
Source Lexile <br/>
521 8# - TARGET AUDIENCE NOTE
Target audience note G<br/>
Source Raz-Plus<br/>
650 #0 - SUBJECT ADDED ENTRY--TOPICAL TERM
Topical term or geographic name entry element Friction
Form subdivision Juvenile literature.
650 #1 - SUBJECT ADDED ENTRY--TOPICAL TERM
Topical term or geographic name entry element Friction.
906 ## - LOCAL DATA ELEMENT F, LDF (RLIN)
a 7
b cbc
c orignew
d 1
e ecip
f 20
g y-gencatlg
942 ## - ADDED ENTRY ELEMENTS (KOHA)
Source of classification or shelving scheme Dewey Decimal Classification
Koha item type Books
Suppress in OPAC No
Holdings
Withdrawn status Lost status Source of classification or shelving scheme Damaged status Not for loan Collection Home library Current library Shelving location Date acquired Total Checkouts Full call number Barcode Date last seen Date last checked out Copy number Price effective from Koha item type
    Dewey Decimal Classification     Non-Fiction Footprints International School Library Network Toul Kork Campus Footprints International School Library Network Toul Kork Campus TK Primary Library Room(4th Floor), Bookcase 1&2, Shelves 1-16, Dark Blue Books 05/22/2024 1 TRU 531.1134 QC197.T78 FISBK01912 04/02/2026 03/26/2026 1 05/22/2024 Books
    Dewey Decimal Classification     Non-Fiction Footprints International School Library Network Toul Kork Campus Footprints International School Library Network Toul Kork Campus TK Primary Library Room(4th Floor), Bookcase 1&2, Shelves 1-16, Dark Blue Books 07/16/2024   TRU 531.1134 QC197.T78 FISTK03257 07/16/2024   2 07/16/2024 Books
    Dewey Decimal Classification     Non-Fiction Footprints International School Library Network Toul Tom Poung Campus Footprints International School Library Network Toul Tom Poung Campus TTP Primary Dark Blue Bookshelves 08/15/2025   TRU 531.1134 QC197.T78 FISBK01913 08/15/2025   3 08/15/2025 Books